书目信息 |
| 题名: |
天下之奇
|
|
| 作者: | 谈祥柏 编 | |
| 分册: | ||
| 出版信息: | 上海 上海科学技术出版社 1997.06 |
|
| 页数: | 628页 | |
| 开本: | 32开 | |
| 丛书名: | ||
| 单 册: | ||
| 中图分类: | Z228 | |
| 科图分类: | ||
| 主题词: | 百科全书--中国 | |
| 电子资源: | ||
| ISBN: | 7-5323-4460-6 | |
| 000 | 00540nam0 2200193 45 | |
| 001 | 0010271610 | |
| 005 | 20001027162444.7 | |
| 010 | @a7-5323-4460-6@d24.40元 | |
| 100 | @a20001027d1997 km y0chiy0120 ea | |
| 101 | 0 | @achi |
| 105 | @a z 000yy | |
| 200 | 1 | @a天下之奇@ATian Xia Zhi Qi@f谈祥柏等编@FTan Xiang Bai Deng Bian |
| 210 | @a上海@c上海科学技术出版社@d1997.06 | |
| 215 | @a628页@d32开 | |
| 606 | 0 | @a百科全书@x中国 |
| 690 | @aZ228@v3 | |
| 701 | 0 | @a谈祥柏@4编 |
| 801 | @aCN@bPftUser@c20001027 | |
| 905 | @b192751-752@dZ228@eSH372@f2 | |
| 天下之奇/谈祥柏等编.-上海:上海科学技术出版社,1997.06 |
| 628页;32开 |
| ISBN 7-5323-4460-6:24.40元 |
| ● |
| 相关链接 |
|
|
|
正题名:天下之奇
索取号:Z228/SH372
 
预约/预借
| 序号 | 登录号 | 条形码 | 馆藏地/架位号 | 状态 | 备注 |
| 1 | 192751 | 201927512 | 自科库501/ [索取号:Z228/SH372] | 在馆 | |
| 2 | 192752 | 201927521 | 自科库501/ [索取号:Z228/SH372] | 在馆 |